Hunter X Hunter - 13 to 1 Quiz Stats

 Plays Quiz not verified by Sporcle

Score 0/91 Timer 20:00
0 Plays Today
% Correct
Chrollo Lucifer
91.6%
Feitan
89.5%
Pakunoda
86%
Franklin
85.9%
Nobunaga
85.4%
Phinks
85%
Hisoka
84.8%
Uvogin
83.6%
Killua
83.4%
Killua
83.2%
Shalnark
82.1%
En
81.9%
Ten
81.9%
Ren
81.9%
In
81.8%
Gon
81.4%
Leorio
81.4%
Killua
81.1%
Illumi
81%
Gyo
80.9%
Silva
80.9%
Alluka
80.9%
Gon
80.9%
Gon
80.4%
Meruem
80%
Kurapika
79.9%
Machi
79.5%
Hisoka
79%
Shizuku
79%
Killua
79%
Kortopi
78.5%
% Correct
Bonolenov
78.5%
Cheadle Yorkshire
78.5%
Biscuit Krueger
78.4%
Kurapika
78%
Ken
77.9%
Neferpitou
77.7%
Wing
77.6%
Milluki
77.5%
Kalluto
77%
Menthuthuyoupi
76.9%
Ging Freecss
76.8%
Ryu
76.4%
Shaiapouf
76.3%
Jail
75.5%
Pariston Hill
75.4%
Enhancer
75.1%
Zeno
74.8%
Kou
74.4%
Judgement
74.3%
Knuckle Bine
73.9%
Zeno
73.8%
Razor
73.7%
Biscuit Krueger
73.7%
Isaac Netero
73.5%
Zetsu
73.2%
Shu
72.8%
Botobai Gigante
72.2%
Morel Mackernasey
71.8%
Shoot Mcmahon
71.7%
Especialist
70.6%
Hatsu
70.3%
% Correct
Conjurer
70.3%
Palm Siberia
69.6%
Melody
69.3%
Transmuter
68.7%
Ikalgo
68.1%
Razor's Devils
67.5%
Meleoron
66.6%
Steal
66.4%
Holy
66.2%
Manipulator
66.1%
Mizaistom Nana
66%
Saccho Kobayakawa
64.1%
Kikyo
63.2%
Tsezguerra
62.6%
Basho
62.1%
Squala
61.1%
Baise
59.4%
Cluck
58.9%
Dowsing
58.8%
Ginta
54.7%
Kanzai
52.9%
Dalzollene
52.8%
Piyon
52.2%
Goreinu
52%
Maha
50.4%
Saiyu
46.6%
Geru
43.3%
Shachmono Tocino
42.9%
Emmiter
21.7%

You're not logged in!

Compare scores with friends on all Sporcle quizzes.
OR
Log In

Show Comments

Extras

Top Quizzes Today


Score Distribution

Your Account Isn't Verified!

In order to create a playlist on Sporcle, you need to verify the email address you used during registration. Go to your Sporcle Settings to finish the process.

Report this User

Report this user for behavior that violates our Community Guidelines.

Details: